[Event "GER-chT U10"]
[Site "Magdeburg"]
[Date "2012.12.28"]
[Round "3.2"]
[White "Petersen, Mika"]
[Black "Weishaeutel, Moritz"]
[Result "1-0"]
[WhiteElo "1074"]
[BlackElo "1086"]
[PlyCount "41"]
[EventDate "2012.12.27"]
[EventType "team-swiss"]
[EventRounds "7"]
[EventCountry "GER"]
[SourceTitle "EXT 2014"]
[Source "ChessBase"]
[SourceDate "2013.11.20"]
[SourceVersion "1"]
[SourceVersionDate "2013.11.20"]
[SourceQuality "1"]
[WhiteTeam "Luebeck"]
[BlackTeam "Erfurt Empor"]
[WhiteTeamCountry "GER"]
[BlackTeamCountry "GER"]

1. e4 e5 2. Nf3 Nc6 3. Bc4 Bc5 4. c3 Nf6 5. d4 exd4 6. cxd4 Bb4+ 7. Nc3 Bxc3+ 8. bxc3 0-0 9. e5 Re8 10. 0-0 Ne4 11. Qd3 d5 12. Bb3 Bf5 13. Bc2 Qd7 14. Re1 Nd6 15. Nh4 Nc4 16. Nxf5 Qxf5 17. f3 Nd6 18. Qxf5 Nxf5 19. Bxf5 f6 20. f4 b5 21. Be3 1-0

[Event "GER-chT U10"]
[Site "Magdeburg"]
[Date "2012.12.27"]
[Round "2.1"]
[White "Petersen, Mika"]
[Black "Rosenhain, Rachela"]
[Result "0-1"]
[WhiteElo "1074"]
[BlackElo "1451"]
[PlyCount "56"]
[EventDate "2012.12.27"]
[EventType "team-swiss"]
[EventRounds "7"]
[EventCountry "GER"]
[SourceTitle "EXT 2014"]
[Source "ChessBase"]
[SourceDate "2013.11.20"]
[SourceVersion "1"]
[SourceVersionDate "2013.11.20"]
[SourceQuality "1"]
[WhiteTeam "Luebeck"]
[BlackTeam "Berlin Schachpinguine"]
[WhiteTeamCountry "GER"]
[BlackTeamCountry "GER"]

1. e4 e5 2. Nf3 Nc6 3. Bc4 Nf6 4. Ng5 d5 5. exd5 b5 6. Bb3 Nd4 7. c3 Nxb3 8. Qxb3 Qxd5 9. Qxd5 Nxd5 10. 0-0 Bd6 11. Re1 0-0 12. d3 Bf5 13. Ne4 Rad8 14. Bg5 f6 15. Bh4 c5 16. Bg3 Bxe4 17. Rxe4 f5 18. Re1 Rfe8 19. Nd2 Nf6 20. h3 Re6 21. Re2 Bc7 22. Rae1 Rxd3 23. Nf3 f4 24. Bh2 e4 25. Ng5 Re8 26. Kf1 f3 27. gxf3 Bxh2 28. fxe4 Bf4 0-1